Diálogos de amor (Registo nº 21328)

Detalhes MARC
000 -Etiqueta do registo
Valores 00702nam a22002171i 4500
090 ## -
-- 21328
010 ## - Número ISBN
ISBN 9789722710923
100 ## - Dados gerais de processamento
Dados gerais 20170304u u u0frey50 ba
101 1# - Língua de publicação
-- por
-- por
200 1# - Titulo e menção de responsabilidade
Primeira menção de responsabilidade Leão Hebreu
Título próprio Diálogos de amor
215 ## - Descrição física 
Paginação / Volumes 417, [7] p.
Dimensões 24 cm
210 ## - Publicação
Nome do editor Imprensa Nacional-Casa da Moeda
Local de publicação Lisboa
Data de publicação imp.2001
225 2# - Colecção 
Título próprio da colecção Pensamento português
300 ## - Notas gerais 
Texto da nota Oferta de Imprensa Nacional - Casa da Moeda
410 #0 -
-- Pensamento português
700 #1 - Autor principal (pessoa individual)
Apelido Hebreu
Nome Leão
-- 070
702 #1 - Autor secundário (pessoa individual)
Apelido Vila-Chã
Nome João
-- 570
702 #1 - Autor secundário (pessoa individual)
Apelido Manuppella
Nome Giacinto
-- 730
996 ## - ISO2709
-- 0030577
-- HEB
-- 00000000
-- 00000000
-- BMVA
-- 1
-- Viana do Alentejo
-- Filosofia
-- 24
-- Livro
-- 0
-- 1
990 ## - Elementos KOHA
Tipo de documento Livro
Exemplares
Situação do levantamento Estado Biblioteca de origem Biblioteca de empréstimo Localização na Estante Código de barras Cota Permissão de empréstimo Tipo de documento Nota relativa ao exemplar Forma de aquisição
  Completo Biblioteca Municipal de Viana Do Alentejo Biblioteca Municipal de Viana Do Alentejo Depósito 0026427 1 HEB Disponível Livro cx. 71  




Powered by Koha